=LDR 00000nam 2200000 4500 =001 INLIS000000000048071 =005 20160415171819.0 =006 =007 =008 =035 ##$$0010-041600000000052 =082 ##$$a 338.5 =090 ##$$a 338.5 Sya d =100 ##$$a Syahruddin =245 ##$$a Dasar-dasar Teori Ekonomi Mikro =260 ##$$a Jakarta $b Fakultas Ekonomi Universitas Indonesia $c 1990 =300 ##$$a vii, 203 hlm $b Ilus $c 20 cm =990 ##$$a 0001/BPAP-NTB/2016